00868 2200301 4500001002100000005001500021035002000036007000300056008004100059020002200100040001200122082001600134084001800150090002200168090002200190100002600212245006500238250002500303260004300328300006000371650001700431850001200448041000800460504003200468999002200500990002200522990002200544INLIS00000000003586820191218094416 a0010-0618000264ta180621 ind  a978-602-9018-76-9 aYOPDYOG04223a616.995 a616.995 MUH p aDEP 616.995 MUH p aCB-D.11 2017-26680 aMuhamad Nizar,d1966-0 aPemberantas dan penanggulangan tuberkulosis /cMuhamad Nizar aCetakan pertama 2017 aYogyakarta :bGosyen Publishing,c2017 axxxii, 233 halaman :bilustrasi, tabel, grafik ;c23 cm 4aTuberkulosis aYOPDYOG0 aind aBibliografi: hlm. [213]-228 aCB-D.11/2017-2668 aCB-D.11/2017-2668 aCB-D.11/2017-2668